Le nomarque sous l'Ancien Empire /

محفوظ في:

المؤلف الرئيسي: Martinet, Émilie (مؤلف)

التنسيق: كتاب

اللغة: French

منشور في: Paris : Presses de l'Université Paris-Sorbonne, c2011.

سلاسل: Institutions dans l'Egypte Ancienne ; 6.
IEA ; 6.

الموضوعات:

الوسوم: إضافة وسم

لا توجد وسوم, كن أول من يضع وسما على هذه التسجيلة!

رقم الطلب: DT57 .I75 v.6

LEADER 01170namaa2200325 4500
001 19816
003 OSt
005 20220108085309.0
008 130303s2011 fr g b 001 0 fre d
952 |0 0  |1 0  |2 lcc  |3 v.6  |4 0  |6 DT0057 I75 V.00006  |7 1  |9 24232  |a ARCE  |b ARCE  |d 2022-01-08  |l 0  |o DT57 .I75 v.6  |p 1007203  |r 2022-01-08 00:00:00  |w 2022-01-08  |y BK 
999 |c 19185  |d 19185 
010 |a 2011492866 
020 |a 9782840507369 (pbk.) 
040 |c ARCE Library 
043 |a f-ua--- 
050 4 |a DT57 .I75 v.6 
100 1 |a Martinet, Émilie,  |e author 
245 1 3 |a Le nomarque sous l'Ancien Empire /   |c Emilie Martinet. 
264 1 |a Paris :   |b Presses de l'Université Paris-Sorbonne,   |c c2011. 
300 |a 278 pages ;   |c 24 cm. 
490 1 |a Institutions dans l'Egypte Ancienne ;   |v 6. 
490 1 |a IEA ;   |v 6. 
504 |a Includes bibliographical references and index. 
651 0 |a Egypt  |x Administrative and political divisions  |x History. 
651 0 |a Egypt  |x Officials and employees. 
651 0 |a Egypt  |x History  |y Old Kingdom, ca. 2686-ca. 2181 B.C. 
830 0 |a Institutions dans l'Egypte Ancienne ;   |v 6. 
830 0 |a IEA ;   |v 6. 
901 |a reviewed 
942 |c BK  |2 lcc